000 00604nam a22001937a 4500
999 _c181084
_d181084
005 20210831105330.0
010 _aUR-11213
020 _c200.00
_a9789390533930
035 _aU-9768
037 _bDBAD/PUB
082 _aک
100 _aا ظہر ا بر ا ر
245 _aر شتو ں کی ڈ و ر
_cا ظہر ا بر ا ر
246 _aRishton Ki Dor(Urdu)
_bby Azhar Abrar
260 _aDelhi
_c2021 ء
_bEducational Publishing House
270 _a3191,Vakil Street, Kucha Pandit Lal Kuan,
_b Delhi
_e110006
_l23216162
300 _a144 ص
_c22 Cm(Hb)
942 _2ddc
_cUR
_hک
_mا ظ ہ